000 00593nam a2200241Ia 4500
003 OSt
005 20221006141338.0
006 a|||||r|||| 00| 0
007 ta
008 221006b |||||||| |||| 00| 0 eng d
024 _a1,896
037 _cTextual
040 _aEASL
_cEASL
_beng
041 _2eng
_aeng
082 _aN42N,2, M6
100 _aJANSEN Ed.
_9645410
245 0 _aJapan in transition
260 _c1986
300 _ap.
_ccm.
700 _a GILBERT Ed.
_9645411
942 _hN42N,2, M6
_cTEXL
_2CC
999 _c1069982
_d1069982